Überwachung und Infiltration: die Evangelische Kirche A. B. in Rumänien unter kommunistischer Herrschaft (1945-1969) : Dokumentation
Die Evangelische Kirche A. B. in Rumänien (EKR) wurde - wie alle Glaubensgemeinschaften des Landes - von der herrschenden Rumänischen Kommunistischen Partei (RKP) als Institution eingestuft, die der atheistischen, totalitären Politik im Wege stand; zudem war sie eine identitätsfördernde und die Geme...
MARC
| LEADER | 00000cam a2200000 c 4500 | ||
|---|---|---|---|
| 001 | 1782294368 | ||
| 003 | DE-627 | ||
| 005 | 20251226200323.0 | ||
| 007 | tu | ||
| 008 | 211215s2022 gw ||||| 00| ||ger c | ||
| 010 | |a 2022496635 | ||
| 015 | |a 21,N50 |2 dnb | ||
| 016 | 7 | |a 1247045897 |2 DE-101 | |
| 020 | |a 9783791733302 |c Broschur : circa EUR 34.95 (DE), circa EUR 36.00 (AT) |9 978-3-7917-3330-2 | ||
| 020 | |a 3791733303 |9 3-7917-3330-3 | ||
| 024 | 3 | |a 9783791733302 | |
| 028 | 5 | 2 | |a 3330 |
| 035 | |a (DE-627)1782294368 | ||
| 035 | |a (DE-599)DNB1247045897 | ||
| 035 | |a (OCoLC)1313900163 | ||
| 040 | |a DE-627 |b ger |c DE-627 |e rda | ||
| 041 | |a ger | ||
| 044 | |c XA-DE-BY | ||
| 050 | 0 | |a BX8025.7 | |
| 072 | 7 | |a DJK |2 lcco | |
| 082 | 0 | |a 284.1498 |q DE-101 |2 DDC23ger | |
| 082 | 0 | |a 200.94980904 | |
| 082 | 0 | |a 200.9 |q DLC |2 22/eng/20230216 | |
| 082 | 0 | 4 | |a 230 |a 940 |q DE-101 |
| 084 | |a RA08.13 |2 fivr | ||
| 084 | |a SG09 |2 fivs | ||
| 084 | |a SG02.03 |2 fivs | ||
| 084 | |a 0 |2 ssgn | ||
| 084 | |a BP 9530 |2 rvk |0 (DE-625)rvk/15175: | ||
| 084 | |a NV 9650 |2 rvk |0 (DE-625)rvk/131952: | ||
| 084 | |a BO 7015 |2 rvk |0 (DE-625)rvk/14823: | ||
| 084 | |a 11.55 |2 bkl | ||
| 084 | |a 89.14 |2 bkl | ||
| 084 | |a 15.70 |2 bkl | ||
| 245 | 0 | 0 | |a Überwachung und Infiltration |b die Evangelische Kirche A. B. in Rumänien unter kommunistischer Herrschaft (1945-1969) : Dokumentation |c Hannelore Baier (Hg.) |
| 246 | 3 | 0 | |a Augsburgischen Bekenntnisses |
| 264 | 1 | |a Regensburg |b Verlag Friedrich Pustet |c [2022] | |
| 264 | 4 | |c © 2022 | |
| 300 | |a 423 Seiten |b Illustrationen |c 23.3 cm x 15.7 cm | ||
| 336 | |a Text |b txt |2 rdacontent | ||
| 337 | |a ohne Hilfsmittel zu benutzen |b n |2 rdamedia | ||
| 338 | |a Band |b nc |2 rdacarrier | ||
| 490 | 1 | |a Veröffentlichungen des Instituts für deutsche Kultur und Geschichte Südosteuropas an der Ludwig-Maximilians-Universität München (IKGS) |v Band 143 | |
| 500 | |a Quellen- und Literaturverzeichnis: Seite 408-422 | ||
| 520 | |a Die Evangelische Kirche A. B. in Rumänien (EKR) wurde - wie alle Glaubensgemeinschaften des Landes - von der herrschenden Rumänischen Kommunistischen Partei (RKP) als Institution eingestuft, die der atheistischen, totalitären Politik im Wege stand; zudem war sie eine identitätsfördernde und die Gemeinschaft sichernde Einrichtung der Siebenbürger Sachsen. Sie behinderte die Integration der deutschen Minderheit in den kommunistischen Transformationsprozess der Gesellschaft. Ziel der RKP war deshalb die Gleichschaltung der EKR: Die Richtlinien gab die RKP vor, als Instrumente für deren Umsetzung dienten die Kultusoberbehörde und der Geheimdienst Securitate. Ihre Strategien und Methoden der Unterwerfung der EKR durch Einmischung und Unterwanderung stießen auf den Widerstand und die Abwehrversuche von Bischof Friedrich Müller. Durch kluges Taktieren und dank guter Beziehungen zu einigen Machthabern des Regimes ist es ihm während seiner Amtszeit (1945-1969) gelungen, die Unterordnung der EKR im kommunistischen Staat auf ein unvermeidliches Mindestmaß zu reduzieren und einige Freiräume für das traditionelle Gemeinschaftsleben der Siebenbürger Sachsen zu bewahren. | ||
| 601 | |a Infiltration | ||
| 601 | |a Herrschaft | ||
| 601 | |a Evangeliar | ||
| 601 | |a Kommunist | ||
| 601 | |a Dokumentation | ||
| 610 | 1 | 0 | |a Evangelische Kirche Augsburgischen Bekenntnisses in der Sozialistischen Republik Rumänien |x History |v Sources |2 DLC |
| 610 | 1 | 0 | |a Evangelische Kirche Augsburgischen Bekenntnisses in Rumänien |x History |v Sources |2 DLC |
| 650 | 0 | |a Visitations, Ecclesiastical |z Romania |x History |y 20th century |v Sources |2 DLC | |
| 650 | 0 | |a Communism and Christianity |z Romania |x History |y 20th century |v Sources |2 DLC | |
| 650 | 0 | |a Christianity and politics |z Romania |x History |y 20th century |v Sources |2 DLC | |
| 651 | 0 | |a Romania |x Church history |y 20th century |v Sources |2 DLC | |
| 655 | 7 | |a Quelle |0 (DE-588)4135952-5 |0 (DE-627)105661236 |0 (DE-576)209665084 |2 gnd-content | |
| 689 | 0 | 0 | |d g |0 (DE-588)4050939-4 |0 (DE-627)778808769 |0 (DE-576)20909057X |2 gnd |a Rumänien |
| 689 | 0 | 1 | |d b |0 (DE-588)1083709-7 |0 (DE-627)100501419 |0 (DE-576)191512737 |2 gnd |a Evangelische Kirche Augsburgischen Bekenntnisses in der Sozialistischen Republik Rumänien |
| 689 | 0 | 2 | |d s |0 (DE-588)4257314-2 |0 (DE-627)104104449 |0 (DE-576)210562757 |2 gnd |a Unterdrückung |
| 689 | 0 | 3 | |d b |0 (DE-588)1015056-0 |0 (DE-627)103281355 |0 (DE-576)191214809 |2 gnd |a Partidul Comunist Român |
| 689 | 0 | 4 | |q z |2 gnd |a Geschichte 1945-1969 |
| 689 | 0 | |5 DE-101 | |
| 689 | 1 | 0 | |d p |0 (DE-588)104311347 |0 (DE-627)07703158X |0 (DE-576)213457466 |2 gnd |a Müller, Friedrich |d 1884-1969 |
| 689 | 1 | 1 | |d s |0 (DE-588)4054836-3 |0 (DE-627)106160915 |0 (DE-576)209110767 |2 gnd |a Siebenbürger Sachsen |
| 689 | 1 | 2 | |d s |0 (DE-588)4114204-4 |0 (DE-627)105823910 |0 (DE-576)209482680 |2 gnd |a Kirchliches Leben |
| 689 | 1 | 3 | |d s |0 (DE-588)4221524-9 |0 (DE-627)105009369 |0 (DE-576)210273801 |2 gnd |a Religiöse Verfolgung |
| 689 | 1 | 4 | |d b |0 (DE-588)2120896-7 |0 (DE-627)10166253X |0 (DE-576)193994550 |2 gnd |a Rumänien |b Ministerul de Interne |
| 689 | 1 | 5 | |q z |2 gnd |a Geschichte 1945-1969 |
| 689 | 1 | |5 (DE-627) | |
| 689 | 2 | 0 | |d g |0 (DE-588)4050939-4 |0 (DE-627)778808769 |0 (DE-576)20909057X |2 gnd |a Rumänien |
| 689 | 2 | 1 | |d s |0 (DE-588)4010076-5 |0 (DE-627)106359924 |0 (DE-576)208885803 |2 gnd |a Christenverfolgung |
| 689 | 2 | 2 | |d s |0 (DE-588)4055785-6 |0 (DE-627)106156829 |0 (DE-576)209115394 |2 gnd |a Sozialismus |
| 689 | 2 | 3 | |q z |2 gnd |a Geschichte 1945-1969 |
| 689 | 2 | |5 (DE-627) | |
| 700 | 1 | |e HerausgeberIn |0 (DE-588)114894396 |0 (DE-627)494358602 |0 (DE-576)289812216 |4 edt |a Baier, Hannelore |d 1955- | |
| 710 | 2 | |e Verlag |0 (DE-588)2011020-0 |0 (DE-627)101713649 |0 (DE-576)191657697 |4 pbl |a Verlag Friedrich Pustet | |
| 776 | 1 | |z 9783791773964 |c (pdf) | |
| 810 | 2 | |a Ludwig-Maximilians-Universität München |b Institut für Deutsche Kultur und Geschichte Südosteuropas |t Veröffentlichungen des Instituts für Deutsche Kultur und Geschichte Südosteuropas an der Ludwig-Maximilians-Universität München (IKGS) |v Band 143 |9 143 |w (DE-627)362867313 |w (DE-576)103128646 |w (DE-600)2108162-1 |7 am | |
| 856 | 4 | 2 | |u https://d-nb.info/1247045897/04 |m B:DE-101 |q application/pdf |v 2022-07-06 |x Verlag |3 Inhaltsverzeichnis |7 1 |
| 856 | 4 | 2 | |u https://portal.dnb.de/opac/mvb/cover?isbn=978-3-7917-3330-2 |m X:MVB |q image/jpg |v 2023-01-13 |x Verlag |3 Cover |7 1 |
| 856 | 4 | 2 | |u http://deposit.dnb.de/cgi-bin/dokserv?id=82470231015344e3ba8c0e04f86f059d&prov=M&dok_var=1&dok_ext=htm |m X:MVB |q text/html |v 2021-12-15 |x Verlag |3 Inhaltstext |7 1 |
| 935 | |a mteo | ||
| 936 | r | v | |a BP 9530 |b Kirche und Sozialismus |k Theologie und Religionswissenschaften |k Evangelische Kirchengeschichte |k Kirche und Gesellschaft |k Kirche und Sozialismus |0 (DE-627)1272618056 |0 (DE-625)rvk/15175: |0 (DE-576)202618056 |
| 936 | r | v | |a NV 9650 |b Russland, Sowjetunion, GUS |k Geschichte |k Religions- und Kirchengeschichte |k Kirchengeschichte einzelner Länder |k Russland, Sowjetunion, GUS |0 (DE-627)1399021737 |0 (DE-625)rvk/131952: |0 (DE-576)329021737 |
| 936 | r | v | |a BO 7015 |b Nach Ländern |k Theologie und Religionswissenschaften |k Patrologie und Kirchengeschichte |k Kirchengeschichte nach Perioden |k Seit Johannes XXIII. (seit 1958) |k Darstellungen |k Geschichte des Protestantismus |k Nach Ländern |0 (DE-627)1270654675 |0 (DE-625)rvk/14823: |0 (DE-576)200654675 |
| 936 | b | k | |a 11.55 |j Protestantismus |0 (DE-627)106403907 |
| 936 | b | k | |a 89.14 |j Sozialismus |0 (DE-627)106410695 |
| 936 | b | k | |a 15.70 |j Balkanstaaten |x Geschichte |0 (DE-627)18157165X |
| 936 | f | i | |0 (DE-627)1756132135 |a RA08.13 |b Rumänien |k Europa |k Südosteuropa |k Rumänien |2 fivr |
| 936 | f | i | |0 (DE-627)1756136092 |a SG09 |b Religion/Religionsgemeinschaften |k Gesellschaft |k Religion/Religionsgemeinschaften |2 fivs |
| 936 | f | i | |0 (DE-627)1756135940 |a SG02.03 |b Nationalitäten/Minoritäten |k Gesellschaft |k Gesellschaftsentwicklung/Gesellschaftsstruktur |k Nationalitäten/Minoritäten |2 fivs |
| 938 | 1 | 0 | |0 (DE-627)1756159955 |0 (DE-615)6602305 |a Rumänien |2 fivt |
| 938 | 1 | 0 | |0 (DE-627)1756142769 |0 (DE-615)6603915 |a Religion |2 fivt |
| 938 | 1 | 0 | |0 (DE-627)1756227845 |0 (DE-615)6605954 |a Evangelische Kirche |2 fivt |
| 938 | 1 | 0 | |0 (DE-627)1756240256 |0 (DE-615)6604727 |a Kontrolle/Überwachung |2 fivt |
| 938 | 1 | 0 | |0 (DE-627)1756204004 |0 (DE-615)6600973 |a Nachrichtendienstliche Analyse/Information |2 fivt |
| 938 | 1 | 0 | |0 (DE-627)175617671X |0 (DE-615)6604178 |a Kommunismus |2 fivt |
| 938 | 1 | 0 | |0 (DE-627)1756192235 |0 (DE-615)6610070 |a Verhältnis Religionsgemeinschaft - Staat |2 fivt |
| 938 | 1 | 0 | |0 (DE-627)1756183309 |0 (DE-615)6608575 |a Wechselbeziehungen Religion und Politik |2 fivt |
| 938 | 1 | 0 | |0 (DE-627)1756145407 |0 (DE-615)6603626 |a Innere Sicherheit |2 fivt |
| 938 | 1 | 0 | |0 (DE-627)1756190704 |0 (DE-615)6607505 |a Geschichtlicher Überblick |2 fivt |
| 938 | 1 | 1 | |0 (DE-627)1756214956 |0 (DE-615)6606440 |a Herrschaftsform |2 fiva |
| 938 | 1 | 1 | |0 (DE-627)1756154864 |0 (DE-615)6607336 |a Polizei |2 fiva |
| 938 | 1 | 1 | |0 (DE-627)1756138338 |0 (DE-615)6603698 |a Infiltration |2 fiva |
| 938 | 1 | 1 | |0 (DE-627)1756155836 |0 (DE-615)6605936 |a Religiöse Funktionsträger |2 fiva |
| 938 | 1 | 1 | |0 (DE-627)1756194343 |0 (DE-615)6606931 |a Wahl von Personen |2 fiva |
| 938 | 1 | 1 | |0 (DE-627)175618495X |0 (DE-615)6606704 |a Politische Kontrolle |2 fiva |
| 938 | 1 | 1 | |0 (DE-627)1756240264 |0 (DE-615)6609412 |a Kontrollverfahren |2 fiva |
| 938 | 1 | 1 | |0 (DE-627)1756238847 |0 (DE-615)6610007 |a Amtsenthebungsverfahren |2 fiva |
| 938 | 1 | 1 | |0 (DE-627)1756207925 |0 (DE-615)6606095 |a Historisches Quellenmaterial |2 fiva |
| 951 | |a BO | ||
| ACO | |a 1 | ||
| ELC | |b 1 | ||
| ITA | |a 1 | ||
| LOK | |0 000 xxxxxcx a22 zn 4500 | ||
| LOK | |0 001 4033913394 | ||
| LOK | |0 003 DE-627 | ||
| LOK | |0 004 1782294368 | ||
| LOK | |0 005 20220627083955 | ||
| LOK | |0 008 220112||||||||||||||||ger||||||| | ||
| LOK | |0 040 |a DE-21-31 |c DE-627 |d DE-21-31 | ||
| LOK | |0 541 |e 22/372 | ||
| LOK | |0 852 |a DE-21-31 | ||
| LOK | |0 852 1 |c El IX 83 |m p |9 00 | ||
| LOK | |0 866 |x KO | ||
| LOK | |0 938 |a 2206 |f E5 | ||
| LOK | |0 938 |k p | ||
| LOK | |0 939 |a 12-01-22 |b l01 | ||
| LOK | |0 000 xxxxxcx a22 zn 4500 | ||
| LOK | |0 001 4166443860 | ||
| LOK | |0 003 DE-627 | ||
| LOK | |0 004 1782294368 | ||
| LOK | |0 005 20231219173246 | ||
| LOK | |0 008 220708||||||||||||||||ger||||||| | ||
| LOK | |0 040 |a DE-Tue135 |c DE-627 |d DE-Tue135 | ||
| LOK | |0 092 |o n | ||
| LOK | |0 852 |a DE-Tue135 | ||
| LOK | |0 852 1 |9 00 | ||
| LOK | |0 935 |a fivi |a ixbt | ||
| LOK | |0 939 |a 08-07-22 |b l01 | ||
| ORI | |a SA-MARC-ixtheoa001.raw | ||
| REF | |a Evangelische Kirchengeschichte | ||
| REL | |a 1 | ||
| SPR | |a 1 |t IXT | ||
| STA | 0 | 0 | |a Christian persecution,Christian Persecution,Christianity,Persecution of Christians,Church life (motif),Church life,Congregational life,Parish life,Oppression,Oppression,Repression,Oppression (Psychology),Religious persecution,Romance language area,Romania,Roumania,Rumania,Siebenbürger Sachsen,Transylvanian Saxons,Germans,Socialism |
| STB | 0 | 0 | |a Oppression,Oppression,Oppression,Persécution des chrétiens,Persécution des chrétiens,Persécution religieuse,Saxons de Transylvanie,Socialisme,Vie de l'Église (motif),Vie de l'Église |
| STC | 0 | 0 | |a Opresión,Opresión,Persecución de cristianos,Persecución de cristianos,Persecución religiosa,Sajones de la Transilvania,Socialismo,Vida eclesial |
| STD | 0 | 0 | |a Oppressione,Oppressione,Persecuzione dei cristiani,Persecuzione dei cristiani,Persecuzione religiosa,Sassoni di Transilvania,Socialismo,Vita nella Chiesa |
| STE | 0 | 0 | |a 压迫,压迫,压制,压制,基督徒的迫害,宗教迫害,教会生活,社会主义 |
| STF | 0 | 0 | |a 基督徒的迫害,壓迫,壓迫,壓制,壓制,外西凡尼亞薩克森人,宗教迫害,教會生活,社會主義 |
| STG | 0 | 0 | |a Opressão,Opressão,Perseguição de cristãos,Perseguição de cristãos,Perseguição religiosa,Saxônios da Transilvânia,Socialismo,Vida eclesial |
| STH | 0 | 0 | |a Гонение христиан (мотив),Гонение христиан,Подавление,Подавление,Репрессия,Репрессия (мотив),Религиозное преследование,Социализм,Трансильванские саксы,Церковная жизнь |
| STI | 0 | 0 | |a Διώξεις των Χριστιανών (μοτίβο),Διώξεις των Χριστιανών,Εκκλησιαστική ζωή,Θρησκευτική δίωξη,Καταπίεση <μοτίβο>,Καταπίεση,Καταστολή,Καταστολή (μοτίβο),Σάξονες της Τρανσυλβανίας,Σοσιαλισμός |
| SUB | |a REL | ||
| SYB | 0 | 0 | |a Biserica Evanghelică Confesiunea de la Augsburg din Republică Socialistă România,Biserica Evanghelică după Confesiunea de la Augsburg,Evangelische Kirche A.B. in der Sozialistischen Republik Rumänien,Evangelische Kirche A.B. in der SRR,Evangelische Kirche A.B. in der Rumänischen Volksrepublik,Zsinat-Presbiteri Evangélikus Egyház,Zsinatpresbiteri Ág. Hitv. Evangélikus Egyházban,Zsinatpresbiteri Ágostai Hitvallású Evangélikus Egyház |
| SYF | 0 | 0 | |a Romanisches Sprachgebiet,Romanischsprachige Welt |
| SYG | 0 | 0 | |a România,République Socialiste de Roumanie,Socialist Republic Romania,Sozialistische Republik Rumänien,Socialističeskaja Respublika Rumynija,Socialist Republic of Rumania,Rumänische Volksrepublik,Rumanian People's Republic,RPR,Romînia,Roumanie,Román Szocialista Köztársaság,Rumynija,Rumynskaja Narodnaja Respublika,RNR,République Populaire Roumaine,Rumunija,Republică Populară Romînă,Republica Socialistă Româniă,Republica Romanîa , Biserica Evanghelică Confesiunea de la Augsburg din Republică Socialistă România,Biserica Evanghelică după Confesiunea de la Augsburg,Evangelische Kirche A.B. in der Sozialistischen Republik Rumänien,Evangelische Kirche A.B. in der SRR,Evangelische Kirche A.B. in der Rumänischen Volksrepublik,Zsinat-Presbiteri Evangélikus Egyház,Zsinatpresbiteri Ág. Hitv. Evangélikus Egyházban,Zsinatpresbiteri Ágostai Hitvallású Evangélikus Egyház , Repression,Repressalie,Politische Unterdrückung , Romanian Communist Party,Communist Party,Rumunjska Komunistička Partija,RKP,Komunistička Partija,Komunistička Partija Rumunjske,KP Rumunjske,Rumänische Kommunistische Partei,Kommunistische Partei,Kommunistische Partei Rumäniens,Rumänische Kommunistische Partei,PCR,Parti communiste roumain,Román Kommunista Párt , Müller-Langenthal, Friedrich,1884-1969,Langenthal, Friedrich Müller-,1884-1969 , Siebenbürgen , Religionsverfolgung , Ministerul de Interne,Rumänien,Ministerium für Inneres,Ministerium für Inneres,Rumänien,Innenministerium,Rumänien,Ministerul Afacerilor Interne,Ministerul Afacerilor Interne,Rumänien,Ministerul de Interne,Departamentul Securităţii Statului,Rumänien,Ministerul de Interne,Securitate,Rumänien,Ministerul de Interne,Staatssicherheitsdienst,Rumänien,Securitate,Securitate,Rumänien,Staatssicherheitsdienst,Staatssicherheitsdienst,DSS , România,République Socialiste de Roumanie,Socialist Republic Romania,Sozialistische Republik Rumänien,Socialističeskaja Respublika Rumynija,Socialist Republic of Rumania,Rumänische Volksrepublik,Rumanian People's Republic,RPR,Romînia,Roumanie,Román Szocialista Köztársaság,Rumynija,Rumynskaja Narodnaja Respublika,RNR,République Populaire Roumaine,Rumunija,Republică Populară Romînă,Republica Socialistă Româniă,Republica Romanîa , Christ,Christ,Kirchenverfolgung , Sozialistisches Gesellschaftssystem |
| TIM | |a 100019450101_100019691231 |b Geschichte 1945-1969 | ||